000 00461nam a2200193Ia 4500
005 20250423101005.0
008 250422s9999 xx 000 0 und d
020 _a0746303025
050 _aHD 62.5 . F73/
100 _aFrain, John
245 0 _aStarting business studies
250 _a3rd ed.
260 _aUK
260 _bNorthcote House Publishers Ltd
260 _c1990
300 _a160 p
650 _aNew business enterprises.
942 _cBK
999 _c34953
_d34953